000 00484nam a2200169Ia 4500
999 _c1
_d1
003 OSt
005 20211103131503.0
008 190216s9999||||xx |||||||||||||| ||und||
040 _coclc
082 _a297
_bMOU/A
100 _aSahib, Moulana Abdullah H A
_98885
245 0 _aAnnubuvvathu Fil Quran /
_cMoulana Abdullah Sahib H A
260 _bAnjuman Ahmadiyya,
_c1964.
_aCalicut:
300 _a124p
650 _aArabic
942 _cBK
_2ddc
_h297
_iMOU/A
_k297
_mMOU/A